| 000 | 00689nam a2200193 i 4500 | ||
|---|---|---|---|
| 001 | 51656 | ||
| 003 | ES-MaACL | ||
| 005 | 20251110063220.0 | ||
| 007 | t| | ||
| 008 | 030814s1908 fr ||||1| fre d | ||
| 100 | 1 |
_aChatelain, Henri, _d1877-1915 _938180 |
|
| 245 | 1 | 0 |
_aRecherches sur le vers français au XV siècle _b: rimes, métres et strophes / _cpar Henri Chatelain. |
| 260 |
_aParis : _b[s.n.], _c1908 ( _eChartres : _fDurand) |
||
| 300 |
_aXXXIV, 276 p. ; _c25 cm. |
||
| 650 | 4 |
_aLengua francesa- _yHasta S.XV- _xVersificación. _9154974 |
|
| 650 | 4 |
_aPoesía francesa- _yHasta S.XV- _xHistoria y crítica. _9154975 |
|
| 852 |
_aES-MaACL _jB-3439 |
||
| 999 |
_c51656 _d51656 |
||